000 00456nam a2200193Ia 4500
005 20250603144616.0
008 250603s9999 xx 000 0 und d
020 _a9780136073383
050 _aHD 70 .E24/
100 _aEbert, Ronald J.
245 0 _aBusiness essentials
250 _a7th ed.
260 _aUpper Saddle River, N.J.
260 _bPearson
260 _c2009
300 _a293 p
650 _aUpper Saddle River, N.J.
942 _cBK
999 _c39425
_d39425